Ivy League College Football Teams - Statistics

General Stats
  • This quiz has been taken 230 times
  • The average score is 7 of 8
Answer Stats
School Team Name/Colors % Correct
Harvard Crimson
98%
Princeton Tigers
96%
Yale Bulldogs
96%
Brown Bears
90%
Pennsylvania Quakers
89%
Cornell Big Red
85%
Dartmouth Big Green
81%
Columbia Lions
80%
No matching quizzes found
Score Distribution
Percent of People with Each Score
Percentile by Number Answered
Your Score History
You have not taken this quiz